| 000 | 01179nam a2200349Ia 4500 | ||
|---|---|---|---|
| 001 | 57233 | ||
| 003 | CO-BoRNBP | ||
| 005 | 20250605154712.0 | ||
| 007 | ta | ||
| 008 | 180109s9999 xx 000 0 und d | ||
| 020 | _a9788434227590 | ||
| 040 |
_aCO-BoRNBP _bspa _erda _cCO-BoRNBP |
||
| 041 | _aspa | ||
| 082 | 0 | _a923.1 C42g | |
| 100 | 1 |
_aGil, Carmen _960018 |
|
| 245 | 1 | 0 |
_aMe llamo... Cleopatra / _cCarmen Gil ; ilustraciones Teresa Herrero |
| 250 | _aOctava edición | ||
| 264 | 1 |
_aBardalona : _bParramón;2014 |
|
| 300 |
_a64 páginas : _bilustraciones en color ; _c22 cm. |
||
| 336 |
_atexto _btxt _2rdacontent |
||
| 337 |
_asin mediación _bn _2rdamedia |
||
| 338 |
_avolumen _bnc _2rdacarrier |
||
| 490 | 0 | _aMe llamo... | |
| 500 | _aEn carátula: Fui la última reina del fabuloso antiguio egipto \ Contiene tabla cronológica. | ||
| 600 | 1 | 4 |
_aCleopatra, Reina De Egipto, -30 A.C. - Biografias _960019 |
| 650 | 0 | 0 |
_aPalenque de san basilio (bolívar, colombia) _2LEMB _960020 |
| 650 | 0 | 0 |
_aLiteratuta histórica _2LEMB _960021 |
| 650 | 0 | 4 |
_aCultura _2LEMB |
| 650 | 0 | 0 |
_aPatrimonio _2LEMB _94161 |
| 700 | 1 |
_aHerrero, Teresa, ilustradora _960022 |
|
| 942 |
_2ddc _cBK |
||
| 999 |
_c57233 _d57233 |
||